Statistics for Vivosaurs in Fossil Fighters

Click here to take the quiz!

General Stats

  • This quiz has been taken 52 times
  • The average score is 50 of 114

Answer Stats

NumberTypeVivosaur% Correct
Regular Vivosaurs 001-0251FireT-Rex
92%
Regular Vivosaurs 026-05029AirV-Raptor
83%
Regular Vivosaurs 026-05044NeutralBrachio
75%
Regular Vivosaurs 001-02520AirSpinax
75%
Regular Vivosaurs 051-07573WaterTricera
75%
Regular Vivosaurs 001-02522EarthCompso
67%
Regular Vivosaurs 076-10087WaterElasmo
67%
Regular Vivosaurs 051-07559AirGoyle
67%
Regular Vivosaurs 001-0258FireGuan
67%
Regular Vivosaurs 001-02512NeutralMegalo
67%
Regular Vivosaurs 026-05027AirM-Raptor
67%
Regular Vivosaurs 076-10080AirPtera
67%
Regular Vivosaurs 001-0259AirShanshan
67%
Regular Vivosaurs 001-02514FireS-Raptor
67%
Regular Vivosaurs 026-05028FireU-Raptor
67%
Regular Vivosaurs 001-0257WaterAlectro
58%
Regular Vivosaurs 001-02510NeutralAllo
58%
Regular Vivosaurs 026-05049NeutralApato
58%
Regular Vivosaurs 001-02519EarthF-Raptor
58%
Unlockables105LegendaryFrigi
58%
Unlockables106LegendaryIgno
58%
Regular Vivosaurs 026-05042NeutralO-Raptor
58%
Regular Vivosaurs 051-07569EarthPachy
58%
Regular Vivosaurs 026-05034WaterSpino
58%
Regular Vivosaurs 026-05043FireZino
58%
Regular Vivosaurs 051-07557WaterAnkylo
50%
Regular Vivosaurs 001-02517EarthCarchar
50%
Regular Vivosaurs 076-10083FireDimorph
50%
Regular Vivosaurs 001-02515FireGiganto
50%
Unlockables114LegendaryGuhlith
50%
Unlockables112LegendaryGuhweep
50%
Regular Vivosaurs 051-07561AirHypsi
50%
Regular Vivosaurs 051-07563AirIgua
50%
Regular Vivosaurs 076-10082NeutralJara
50%
Regular Vivosaurs 051-07554AirKentro
50%
Regular Vivosaurs 076-10085WaterKrona
50%
Regular Vivosaurs 051-07565FireLambeo
50%
Regular Vivosaurs 051-07555EarthLexo
50%
Regular Vivosaurs 051-07566FireMaia
50%
Regular Vivosaurs 076-10097WaterMammoth
50%
Regular Vivosaurs 001-02521NeutralNeo
50%
Regular Vivosaurs 076-10088WaterPlesio
50%
Unlockables103AirRaptin
50%
Regular Vivosaurs 026-05048EarthSeismo
50%
Regular Vivosaurs 051-07551AirStego
50%
Regular Vivosaurs 001-02513EarthVenator
50%
Regular Vivosaurs 026-05050FireAmargo
42%
Regular Vivosaurs 076-10091WaterBrontoth
42%
Regular Vivosaurs 026-05039EarthCarno
42%
Regular Vivosaurs 001-0252EarthDaspleto
42%
Regular Vivosaurs 026-05033WaterDilopho
42%
Unlockables101NeutralDinomaton
42%
Unlockables102WaterDuna
42%
Unlockables104NeutralDynal
42%
Regular Vivosaurs 076-10092AirElasmoth
42%
Regular Vivosaurs 076-10086WaterFutabi
42%
Regular Vivosaurs 051-07571AirGoyo
42%
Unlockables113LegendaryGuhvorn
42%
Regular Vivosaurs 051-07553WaterJiango
42%
Regular Vivosaurs 076-10079NeutralMihu
42%
Regular Vivosaurs 026-05026FireNychus
42%
Regular Vivosaurs 026-05040NeutralOrno
42%
Regular Vivosaurs 051-07564EarthOurano
42%
Regular Vivosaurs 051-07568AirParaloph
42%
Regular Vivosaurs 051-07572WaterProto
42%
Regular Vivosaurs 051-07558FireSaichan
42%
Regular Vivosaurs 026-05045EarthSalto
42%
Regular Vivosaurs 076-10089WaterShoni
42%
Regular Vivosaurs 051-07570FireStygi
42%
Regular Vivosaurs 051-07574AirStyraco
42%
Regular Vivosaurs 001-02518EarthAcro
33%
Regular Vivosaurs 001-0255WaterAlio
33%
Regular Vivosaurs 051-07567EarthAnato
33%
Regular Vivosaurs 026-05031NeutralAopteryx
33%
Regular Vivosaurs 026-05038AirCerato
33%
Regular Vivosaurs 076-10081AirCoatlus
33%
Regular Vivosaurs 001-02516WaterCryo
33%
Regular Vivosaurs 001-02524WaterDelta
33%
Regular Vivosaurs 051-07575FireEinio
33%
Regular Vivosaurs 001-0253FireGorgo
33%
Regular Vivosaurs 076-10099AirMegath
33%
Regular Vivosaurs 051-07562WaterNasaur
33%
Regular Vivosaurs 051-07556AirNodo
33%
Regular Vivosaurs 026-05037WaterOnyx
33%
Regular Vivosaurs 051-07560EarthPelto
33%
Regular Vivosaurs 076-10077NeutralPenta
33%
Regular Vivosaurs 026-05047EarthPerso
33%
Regular Vivosaurs 026-05046FireShuno
33%
Regular Vivosaurs 001-0256FireSiamo
33%
Regular Vivosaurs 001-02523FireSopteryx
33%
Regular Vivosaurs 001-0254AirTarbo
33%
Regular Vivosaurs 001-02525NeutralTro
33%
Regular Vivosaurs 051-07552FireYango
33%
Regular Vivosaurs 076-10094FireAndrarch
25%
Regular Vivosaurs 026-05035WaterAngato
25%
Regular Vivosaurs 076-10090EarthArsith
25%
Regular Vivosaurs 026-05030FireBreme
25%
Regular Vivosaurs 076-10076EarthCentro
25%
Regular Vivosaurs 026-05041AirCheirus
25%
Regular Vivosaurs 076-100100WaterChelon
25%
Regular Vivosaurs 026-05032AirCoelo
25%
Regular Vivosaurs 076-10084NeutralGuera
25%
Regular Vivosaurs 076-10093AirHoplo
25%
Regular Vivosaurs 001-02511AirMetria
25%
Regular Vivosaurs 076-10078EarthPachrino
25%
Regular Vivosaurs 076-10095WaterPaki
25%
Regular Vivosaurs 076-10096FireSmilo
25%
Unlockables107NeutralSquik
25%
Unlockables110WaterSquilk
25%
Unlockables108FireSquirk
25%
Unlockables111AirSquiro
25%
Unlockables109EarthSquirth
25%
Regular Vivosaurs 026-05036WaterSucho
25%
Regular Vivosaurs 076-10098EarthTryma
25%

Score Distribution

Percentile by Number Answered

Percent of People with Each Score

Your Score History

You have not taken this quiz